Системные васкулиты и геморрагические диатезы у детей (Запись № 1201525)

Подробности
000 -МАРКЕР
контрольное поле 01857nam0a2200313 4500
001 - ИДЕНТИФИКАТОР ЗАПИСИ
контрольное поле RU\NLR\bibl\1117900
005 - ИДЕНТИФИКАТОР ВЕРСИИ
контрольное поле 20260406220437.0
021 ## - НОМЕР ГОСУДАРСТВЕННОЙ РЕГИСТРАЦИИ
Код страны Российская Федерация
Номер 2007-45278
Номер Листа государственной регистраци 2418
035 ## - ДРУГИЕ СИСТЕМНЫЕ НОМЕРА
Идентификатор записи (NLR Aleph) 001104896
100 ## - ДАННЫЕ ОБЩЕЙ ОБРАБОТКИ
Данные общей обработки 20070816d2006 |||y0rusy50 ca
101 0# - ЯЗЫК РЕСУРСА
Язык текста, звукозаписи и т.д. русский
102 ## - СТРАНА ПУБЛИКАЦИИ ИЛИ ПРОИЗВОДСТВА
Страна публикации Российская Федерация
105 ## - ПОЛЕ КОДИРОВАННЫХ ДАННЫХ: ТЕКСТОВЫЕ МАТЕРИАЛЫ, МОНОГРАФИЧЕСКИЕ
Кодированные данные о монографическом текстовом документе a |||||||||
200 1# - ЗАГЛАВИЕ И СВЕДЕНИЯ ОБ ОТВЕТСТВЕННОСТИ
Основное заглавие Системные васкулиты и геморрагические диатезы у детей
Сведения, относящиеся к заглавию пособие для студентов старших курсов
Первые сведения об ответственности С.-Петерб. гос. мед. ун-т им. акад. И.П. Павлова Федер. агентства по здравоохранению и соц. развитию, Каф. педиатрии
Последующие сведения об ответственности [з.д.н., проф. К.М. Сергеева, к.м.н., доц. Н.Б. Куприенко]
210 ## - ПУБЛИКАЦИЯ, РАСПРОСТРАНЕНИЕ И ДР.
Место издания, распространения и т.д. Санкт-Петербург
Имя издателя, распространителя и т. д. Изд-во СПбГМУ
Дата издания, распространения и т.д. 2006
215 ## - ФИЗИЧЕСКАЯ ХАРАКТЕРИСТИКА
Специфическое обозначение материала и объем 48 с.
Другие сведения о физической характеристике ил.
Размеры 20
320 ## - ПРИМЕЧАНИЯ О НАЛИЧИИ В ДОКУМЕНТЕ БИБЛИОГРАФИИ / УКАЗАТЕЛЯ
Текст примечания Библиогр.: с. 47 (9 назв.)
606 1# - НАИМЕНОВАНИЕ ТЕМЫ КАК ПРЕДМЕТ
Наименование темы Геморрагический диатез детей
Формальный подзаголовок Руководства, пособия и т.п.
Системный номер авторитетной/нормативной записи 2260169
Идентификатор авторитетной/нормативной записи RU\NLR\auth\661355226
606 1# - НАИМЕНОВАНИЕ ТЕМЫ КАК ПРЕДМЕТ
Наименование темы Васкулиты системные детей
Формальный подзаголовок Руководства, пособия и т.п.
Системный номер авторитетной/нормативной записи 2484608
Идентификатор авторитетной/нормативной записи RU\NLR\auth\661474678
686 ## - ИНДЕКСЫ ДРУГИХ КЛАССИФИКАЦИЙ
Индекс Р733.411.023я73
686 ## - ИНДЕКСЫ ДРУГИХ КЛАССИФИКАЦИЙ
Индекс Р733.553я73
702 #1 - ИМЯ ЛИЦА - ВТОРИЧНАЯ ОТВЕТСТВЕННОСТЬ
Код отношения Составитель
Материалы, к которым относится поле rus
Графика поля Кириллица
Начальный элемент ввода Сергеева
Часть имени, кроме начального элемента ввода К. М.
Даты 1926-
Дополнения к именам, кроме дат д-р мед. наук
Расширение инициалов личного имени Клара Михайловна
Идентификатор авторитетной/нормативной записи RU\NLR\auth\7749641
Системный номер авторитетной/нормативной записи 32576
712 02 - НАИМЕНОВАНИЕ ОРГАНИЗАЦИИ - ВТОРИЧНАЯ ОТВЕТСТВЕННОСТЬ
Код отношения Прочие
Начальный элемент ввода Санкт-Петербургский государственный медицинский университет им. И. П. Павлова
Структурное подразделение Кафедра педиатрии
Идентификатор авторитетной/нормативной записи RU\NLR\AUTH\889974863
Системный номер авторитетной/нормативной записи 446702
801 #0 - ИСТОЧНИК ЗАПИСИ
Страна Российская Федерация
Организация NLR
Дата составления 20070816
Правила каталогизации RCR
801 #1 - ИСТОЧНИК ЗАПИСИ
Страна Российская Федерация
Организация NLR
Дата составления 20070816
942 ## - ДОПОЛНИТЕЛЬНЫЕ ЭЛЕМЕНТЫ ЗАПИСИ (АБИС)
Тип экземпляра АБИС Книга
980 ## - КОЛЛЕКЦИЯ
Название коллекции Национальная библиография
Экземпляры
Тип экземпляра Дата поступления Источник поступления Библиотека постоянного хранения Библиотека текущего хранения Место хранения Шифр хранения Штрих-код Статус экземпляра
Книга 16.08.2007 Обязательный экземпляр РНБ (Московский) РНБ (Московский) Русский книжный фонд: издания с 1957 года 2007-4/14205 2488607  
Книга 16.08.2007 Обязательный экземпляр РНБ (Московский) РНБ (Московский) Русский книжный фонд: издания с 1957 года 2007-4/14205 2488608